Представление документа в формате RUSMARC

ПолеНазваниеЗначение
  Тип записи a
  Библиографический уровень m
001 Контрольный номер 11ffcacca59c4bccb7976dad7379c634
005 Дата корректировки 20251119135651.1
010 Индекс ISBN __
a ISBN 978-5-222-42660-9
b Уточнения в пер.
100 Данные общей обработки __
a Данные общей обработки 20250923d 0rusy0189## ca
101 Язык документа 0_
a Язык текста rus
102 Страна публикации __
a Страна публикации RU
200 Заглавие и сведения об ответственности 1_
a Заглавие Стоп Угроза
e Сведения, относящиеся к заглавию книга-тренинг по детской безопасности для родителей детей 5-12 лет
f Первые сведения об ответственности Лия Шарова
205 Сведения об издании __
a Основные сведения об издании 5-е изд.
210 Выходные данные 1_
a Место издания Ростов-на-Дону
c Издательство Феникс
d Дата издания 2024
215 Физическое описание __
a Объем 140, [4] с.
225 Серия 2_
a Серия Школа безопасности для детей и взрослых
333 Примечание о целевом назначении __
a Примечание о целевом назначении 0+
606 Тематические рубрики 0_
a Основная рубрика Семейное воспитание и образование. Семейная педагогика
606 Тематические рубрики 0_
a Основная рубрика Основы безопасности жизнедеятельности
610 Ключевые слова 0_
a Ключевые слова семейное воспитание; книги-тренинги; безопасность детей; безопасное поведение; рекомендации родителям; практические пособия; опасности; помощь детям; доверие взрослым; безопасность на улице; пожары
686 Индексы других классификаций __
a Классификационный индекс 74.9
686 Индексы других классификаций __
a Классификационный индекс 68.9
700 Автор _1
a Фамилия Шарова
b Имя (инициалы) Л. В.
g Полное личное имя Лия Валентиновна
801 Источник записи _0
a Страна RU
b Организация УОБДЮ
c Дата составления 20250923
g Правила каталогизации RCR
801 Источник записи _1
a Страна RU
b Организация УОБДЮ
c Дата составления 20250923
g Правила каталогизации RCR
830 Общее примечание каталогизатора __
a Текст примечания Д
852 Данные о местонахождении __
i Авторский знак Ш 26
j Шифр хранения 74.9
900 Электронные ресурсы __
a Имя электронного ресурса 591902
901 Тип документа __
t Тип документа m
905 Данные по созданию БЗ __
b Логин пользователя, который создал БЗ imm
b Логин пользователя, который создал БЗ o8
a Дата создания БЗ 202511
909 Создатель записи __
b Дата создания записи 20250923